| 000 | 00374 a2200133 4500 | ||
|---|---|---|---|
| 999 |
_c12604 _d12604 |
||
| 008 | 240418b ||||| |||| 00| 0 eng d | ||
| 020 | _a9781610914239 | ||
| 082 | _a307.1/216 | ||
| 100 | _aJan Gehl, Birgitte Svarre | ||
| 245 | _aHow to study public life: methods in urban design | ||
| 260 |
_b Island Press; Illustrated edition _c2013 |
||
| 300 | _a179p., | ||
| 942 | _2ddc | ||